000 01200nam a2200253 a 4500
001 000015167
005 20250715131054.0
008 100202s2000 dr 001 0 spa d
020 _a999340022X
040 _aDO-SdBNP
_bspa
_cBNPHU
082 _a344.046
_bM843f
100 1 _aMoreno, Santa
_917783
245 1 0 _aFundamentos de derecho ambiental /
_cSanta Moreno ; presentación Julio Genaro Campillo Pérez.
260 _aSanto Domingo :
_bCocolo,
_c2000.
_fBúho
500 _aIncluye datos biográficos del autor en la solapa
505 2 _aPresentación -- Programa Derecho Ambiental -- Introducción -- Antecedentes y desarrollo del medio ambiente -- Leyes relacionadas al medio ambiente -- legislación internacional -- Organizaciones internacionales relacionadas con el medio ambiente -- Deforestación y consecuencia -- Derecho espacial -- La educación ambiental.
650 4 _aControl ambiental
_xLegislación
_934340
650 4 _aProtección del medio ambiente
_xLegislación
_934341
650 4 _aContaminación
_910807
650 0 _aEducación ambiental
_93422
650 4 _aDerecho espacial
_934342
700 1 _aCampillo Pérez, Julio Genaro
_913954
999 _a1
_n0000170
_c14738
_d14738
049 _aBNPD